Southville International School and Colleges
Your cart is empty.
  • Cart
  • Lists
    Public lists Eva Luna New books Lux_list list_1
    Your lists Log in to create your own lists
  • Log in to your account
  • Your cookies
  • Search history
Southville International School and Colleges
  • Advanced search
  • Recent comments
  • Most popular
  • Libraries

Log in to your account

Log in with GOOGLE


If you do not have an external account, but do have a local account, you can still log in:

  1. Home
  2. MARC view: The little prince /
Normal view MARC view ISBD view

The little prince / (Record no. 368470)

[ view plain ]
MARC details
000 -LEADER
fixed length control field 01104nam a22002537a 4500
003 - CONTROL NUMBER IDENTIFIER
control field 0
005 - DATE AND TIME OF LATEST TRANSACTION
control field 20251105145334.0
008 - FIXED-LENGTH DATA ELEMENTS--GENERAL INFORMATION
fixed length control field 251105b xxu||||| |||| 00| 0 eng d
020 ## - INTERNATIONAL STANDARD BOOK NUMBER
International Standard Book Number 978-0-544-65649-9
050 ## - LIBRARY OF CONGRESS CALL NUMBER
Classification number PQ 2637.A274
Item number .Sa132 2015
100 ## - MAIN ENTRY--PERSONAL NAME
Personal name Saint-Exupéry, Antoine de,
Dates associated with a name 1900–1944,
Relator term author,
-- illustrator.
245 ## - TITLE STATEMENT
Title The little prince /
Statement of responsibility, etc Antoine de Saint-Exupéry ; illustrated by the author ; translated from the French by Richard Howard.
250 ## - EDITION STATEMENT
Edition statement Deluxe pop-up book edition.
260 ## - PUBLICATION, DISTRIBUTION, ETC. (IMPRINT)
Place of publication, distribution, etc Boston :
Name of publisher, distributor, etc Houghton Mifflin Harcourt,
Date of publication, distribution, etc 2015.
300 ## - PHYSICAL DESCRIPTION
Extent 61 pages :
Other physical details color illustrations ;
Dimensions 26 cm.
500 ## - GENERAL NOTE
General note Unabridged text; originally published in French as *Le Petit Prince* in 1943.<br/>Pop-up illustrations with foldouts.
520 ## - SUMMARY, ETC.
Summary, etc A pilot stranded in the desert meets a young prince from another planet who tells of his adventures and his search for the meaning of life.
546 ## - LANGUAGE NOTE
Language note Translated from the French.
650 ## - SUBJECT ADDED ENTRY--TOPICAL TERM
Topical term or geographic name as entry element Allegories.
650 ## - SUBJECT ADDED ENTRY--TOPICAL TERM
Topical term or geographic name as entry element Princes
Form subdivision Fiction.
650 ## - SUBJECT ADDED ENTRY--TOPICAL TERM
Topical term or geographic name as entry element Air Pilots
Form subdivision Fiction.
650 ## - SUBJECT ADDED ENTRY--TOPICAL TERM
Topical term or geographic name as entry element Friendship
Form subdivision Fiction.
942 ## - ADDED ENTRY ELEMENTS (KOHA)
Source of classification or shelving scheme Library of Congress Classification
Koha item type Books
Holdings
Withdrawn status Lost status Source of classification or shelving scheme Damaged status Home library Current library Shelving location Date acquired Source of acquisition Sub Shelving location Total Checkouts Full call number Barcode Date last seen Price effective from Koha item type
    Library of Congress Classification   Luxembourg Library Luxembourg Library Fiction Section 11/19/2024 Library Fund     PQ 2637.A274 .Sa132 2015 21450 11/05/2025 11/05/2025 Books

The little prince /

APA

Saint-Exupéry A. d., . (2015). The little prince. Boston: Houghton Mifflin Harcourt.

Chicago

Saint-Exupéry Antoine de, . 2015. The little prince. Boston: Houghton Mifflin Harcourt.

Harvard

Saint-Exupéry A. d., . (2015). The little prince. Boston: Houghton Mifflin Harcourt.

MLA

Saint-Exupéry Antoine de, . The little prince. Boston: Houghton Mifflin Harcourt. 2015.

  • Place hold
  • Print
  • Cite
  • Add to your cart (remove)
  • Save record
    BIBTEX Dublin Core MARCXML MARC (non-Unicode/MARC-8) MARC (Unicode/UTF-8) MARC (Unicode/UTF-8, Standard) MODS (XML) RIS
  • More searches
    Search for this title in:
    Other Libraries (WorldCat) Other Databases (Google Scholar) Online Stores (Bookfinder.com) Open Library (openlibrary.org)

Exporting to Dublin Core...

SOUTHVILLE LIBRARY

Southville International School and Colleges Library

1281 Tropical Ave. Cor. Luxembourg St., BF Homes International, Las Pinas City

Tel. No. 8256374 / 252358 Loc. 117/146

Powered by Koha